• 首页
  • 本馆介绍
  • 公告通知
  • 最新文献
  • 馆藏检索
  • 电子资源
  • 读者导购
  • 参考咨询
  • 我的图书馆
  • 登录
  • 详细信息显示
  • 放入我的书架
  • 预约/预借图书
  • 作者相关作品
  • 分类相关作品
  • 丛书相关作品
  • 出版社相关作品

书目信息

  • 表格格式
  • 工作单格式
  • 卡片格式
题名:
劳动与就业
    
 
作者: 张彦
分册:  
出版信息: 北京   社科文献出版社  2002
页数: 494
开本: 21cm
丛书名:
单 册:
中图分类: F24
科图分类:
主题词: 劳动经济
电子资源:
ISBN: 7-80149-753-8
000 00481nam0 2200181 450
001 0760515518
005 20070817164835.51
010    @a7-80149-753-8@d¥29.00
100    @a20070817d km y0chiy0120 ea
101 0  @achi
200 1  @a劳动与就业@Alao dong yu jiu ye@f张彦等@Fzhang yan deng
210    @a北京@c社科文献出版社@d2002
215    @a494@d21cm
606 0  @a劳动经济
690    @aF24@v3
701  0 @a张彦@Azhang yan
801  0 @aCN@bPFT@c20070817
905    @a213230@dF24@eg31@f1
    
    劳动与就业/张彦等.-北京:社科文献出版社,2002
    494;21cm
    
    
    ISBN 7-80149-753-8:¥29.00
    
●
相关链接 在E读中查询图书 在五车中查询图书 在当当中查询图书 在豆瓣中查询图书


正题名:劳动与就业     索取号:F24/g31         预约/预借

序号 登录号 条形码 馆藏地/架位号 状态 备注
1 6501846   265018465   密集书库-海洋学院/ [索取号:F24/g31] 在馆    
2 6505674   265056743   密集书库-海洋学院/ [索取号:F24/g31] 在馆    
唐山师范学院图书馆 欢迎您!
大连网信软件有限公司© 版权所有